| 000 | 01001nam a22003135a 4500 | ||
|---|---|---|---|
| 008 | 150817b1996 n a|||frb||| 001 0 eng d | ||
| 010 | _a 95032226 | ||
| 020 | _a0132286858 | ||
| 020 | _a9780132286855 | ||
| 022 | _a0132286858.(International ed.) | ||
| 040 |
_aEG-ScBUE _beng _cEG-ScBUE |
||
| 082 | 0 | 4 |
_a658.8 _bKOT _222 |
| 100 | 1 | _aKotler, Philip. | |
| 245 | 1 | 0 |
_aPrinciples of marketing / _cPhilip Kotler, Gary Armstrong. |
| 250 | _a7th ed., International ed. | ||
| 260 |
_aUpper Saddle River : _bPrentice Hall International , _cc.1996. |
||
| 300 |
_a1 v. (various pagings) : _bill. (some col.) ; _c29 cm. |
||
| 500 | _aIndexes. | ||
| 500 | _aAppendix. | ||
| 500 | _aGlossary. | ||
| 504 | _aIncludes bibliographical references. | ||
| 590 | _aMenna ELemam. | ||
| 650 | 0 |
_aMarketing. _2BUEsh |
|
| 650 | 0 |
_aMarketing-- _xManagement. _2BUEsh |
|
| 651 | _2BUEsh | ||
| 653 |
_bBUSADM _cAugust2015 |
||
| 700 | 1 |
_aArmstrong, Gary _q(Gary M.) |
|
| 942 |
_cBB _k658.8 KOT _2ddc |
||
| 999 |
_c6440 _d6440 |
||